Employment Role Of Micro Enterprises in Himachal Pradesh : (Record no. 37390)

MARC details
000 -LEADER
fixed length control field 00811nam a22002177a 4500
005 - DATE AND TIME OF LATEST TRANSACTION
control field 20100723131351.0
010 ## - LCCN (DPL NO)
LC control number ENG-96495
020 ## - INTERNATIONAL STANDARD BOOK NUMBER
International Standard Book Number 8179860671
Terms of availability 390.00
020 ## - INTERNATIONAL STANDARD BOOK NUMBER
International Standard Book Number 9788179860670
Terms of availability 390.00
035 ## - SYSTEM CONTROL NUMBER
System control number EN-80028
037 ## - SOURCE OF ACQUISITION
Source of stock number/acquisition DBAD/PUB
082 ## - DEWEY DECIMAL CLASSIFICATION NUMBER
Classification number 338.64
100 ## - MAIN ENTRY--PERSONAL NAME
Personal name Anand, Vinod K.
245 ## - TITLE STATEMENT
Title Employment Role Of Micro Enterprises in Himachal Pradesh :
Remainder of title Theoratical and Qualatative Assessment /
Statement of responsibility, etc by Anand K. Vinod
260 ## - PUBLICATION, DISTRIBUTION, ETC. (IMPRINT)
Place of publication, distribution, etc Shimla
Name of publisher, distributor, etc Indian Institute of Advanced study
Date of publication, distribution, etc n.d
270 ## - ADDRESS
Address Indian Institute Of Advanced study,Rashtrapati Nivas
City Shimla
300 1# - PHYSICAL DESCRIPTION
Extent 195p.
Dimensions 22cm (Hb)
500 ## - GENERAL NOTE
General note includes index
942 ## - ADDED ENTRY ELEMENTS (KOHA)
Source of classification or shelving scheme Dewey Decimal Classification
Item type English Books
Call number suffix ANA
Classification part 338.64
Holdings
Withdrawn status Lost status Not for loan Collection code Home library Current library Date acquired Source of acquisition Cost, normal purchase price Full call number Barcode Copy number Cost, replacement price Koha item type
    Not For Loan Non-fiction D.B.Act.Division D.B.Act.Division 23/07/2010 DBAD/PUB 390.00 ANA EN-80028 1 390.00 English Books

© Delhi Public Library
Hit Counter
free hit counter